000 00380nam a2200133Ia 4500
008 220216s9999 xx 000 0 und d
100 _aThongmitr Chumsindhu
245 0 _aDairy-cattle for supplementary occupation in rubber plantation
260 _bRubber International Magazine
_c1999
300 _a59-66
650 _aDairy-cattle
650 _aRubber plantation
942 _cJS
999 _c56714
_d56714